000 00843nam a22002057a 4500
005 20090206161622.0
008 090206t xxu||||| |||| 00| 0 eng d
082 _a820
245 _aहरिगंधा
_bसाहित्य और विचार की मासिकी
246 _aHarigandha
260 _aPanchkula
_bHaryana Sahitya Akademi
_c2009
300 _av.
_c24 cm
310 _amonthly
650 _aHindi literature
650 _aहिंदी साहित्य
270 _aपी-16, सेक्टर 14,
_bपंचकूला
_e134113
_k0172-2565521, 2581807
_mdirector_hsa@yahoo.com
365 _eRs.100.00 annual
942 _2ddc
_cSR
_h820
_mहरिगं
_s1
999 _c23170
_d23170